| 000 | 00485nam a22001577a 4500 | ||
|---|---|---|---|
| 999 |
_c9244 _d9244 |
||
| 008 | 210331b ||||| |||| 00| 0 eng d | ||
| 040 | _aBMS College of Architecture | ||
| 100 | _aZahiruddin, Malik | ||
| 245 | _aCardaic hospital 250 beds at Bangalore | ||
| 300 | _aNA | ||
| 500 | _a1BM01AT015 | ||
| 502 |
_8B.Arch _NBMS College of Architecture, Visvesvaraya Technological University _aProject report _d2005 |
||
| 650 | _aHospital | ||
| 700 |
_aSathish Rao S _eGuide |
||
| 942 |
_2ddc _cTHE |
||